Kotharani/ (Record no. 181984)

000 -LEADER
fixed length control field 00363nam a22001577a 4500
020 ## - INTERNATIONAL STANDARD BOOK NUMBER
ISBN 9789370986992
082 ## - DEWEY DECIMAL CLASSIFICATION NUMBER
Classification number M3
Item number KIN/K
100 ## - MAIN ENTRY--AUTHOR NAME
Personal name King Johns
245 ## - TITLE STATEMENT
Title Kotharani/
Statement of responsibility, etc by King Johns
260 ## - PUBLICATION, DISTRIBUTION, ETC. (IMPRINT)
Place of publication Kottayam:
Name of publisher DC Books,
Year of publication 2025.
300 ## - PHYSICAL DESCRIPTION
Number of Pages 306p.
650 ## - SUBJECT ADDED ENTRY--TOPICAL TERM
Topical Term Novel Malayalam
650 ## - SUBJECT ADDED ENTRY--TOPICAL TERM
Topical Term Literature Malayalam
650 ## - SUBJECT ADDED ENTRY--TOPICAL TERM
Topical Term Literature
942 ## - ADDED ENTRY ELEMENTS (KOHA)
Koha item type Book
Holdings
Withdrawn status Lost status Damaged status Not for loan Permanent Location Current Location Shelving location Date acquired Cost, normal purchase price Full call number Accession Number Price effective from Koha item type
        Sree Sankaracharya University of Sanskrit Sree Sankaracharya University of Sanskrit Stacks 03.06.2026 380.00 M3 KIN/K 109010 03.06.2026 Book